MARC details
| 000 -LÍDER |
| campo de controle de tamanho fixo |
01272nac a22003617a 4500 |
| 001 - NÚMERO DE CONTROLE |
| campo de controle |
BR8000258 |
| 003 - IDENTIFICADOR DO NÚMERO DE CONTROLE |
| campo de controle |
BR-BrBNA |
| 005 - DATA E HORÁRIO DA ÚLTIMA TRANSAÇÃO |
| campo de controle |
20240105114614.0 |
| 008 - CAMPO DE DADOS FIXOS--INFORMAÇÃO GERAL |
| campo de controle de tamanho fixo |
230509b bl.|||m| |||| 00| 0 por d |
| 040 ## - FONTE DA CATALOGAÇÃO |
| Instituição da catalogação original |
BR-BrBNA |
| Idioma da catalogação |
por |
| Instituição que transcreveu o registro |
Biblioteca Nacional de Agricultura |
| 072 ## - CÓDIGO DE CATEGORIA DE ASSUNTO |
| Código de Categoria de Assunto |
F10; P10 |
| 090 ## - NÚMERO DE CHAMADA LOCAL |
| Número de chamada |
F10 BR8000258 |
| 100 1# - ENTRADA PRINCIPAL--NOME PESSOAL |
| Nome pessoal |
Nimer, e. |
| 110 1# - ENTRADA PRINCIPAL--NOME CORPORATIVO |
| Nome corporativo ou nome da jurisdição |
Superintendencia de Recursos Naturais e Meio Ambiente, Rio de Janeiro, RJ (Brasil) |
| 9 (RLIN) |
10047 |
| 245 1# - TÍTULO |
| Título |
Pluviometria e recursos hidricos de Pernambuco e Paraiba [Temperatura; Hidrologia; Brasil] |
| 246 1# - FORMA VARIANTE DO TÍTULO |
| Título/título abreviado |
[Pluviometry and hydric resources in the states of Pernambuco and Paraiba [Temperature; Hydrology; Brazil]] |
| 260 3# - PUBLICAÇÃO, DISTRIBUIÇÃO, ETC. |
| Local de publicação, distribuição, etc. |
Rio de Janeiro, RJ (Brasil): |
| Data da publicação, distribuição, etc. |
1979. |
| 300 ## - DESCRIÇÃO FÍSICA |
| Extensão |
128 p. |
| 490 ## - TÍTULO DA SÉRIE |
| Título da série |
Recursos Naturais e Meio Ambiente - Superintendencia de Recursos Naturais e Meio Ambiente (Brazil) |
| Número do volume ou designação sequencial da série |
no. 3 |
| ISSN - International Standard Serial Number |
|
| 500 ## - NOTA GERAL |
| Nota geral |
6 illus.; 7 tables; 41 ref.; Summary (Pt) |
| 650 ## - ASSUNTO--TERMO TÓPICO |
| Cabeçalho tópico ou nome geográfico |
Meteorologia |
| 650 ## - ASSUNTO--TERMO TÓPICO |
| Cabeçalho tópico ou nome geográfico |
Climatologia |
| 650 ## - ASSUNTO--TERMO TÓPICO |
| Cabeçalho tópico ou nome geográfico |
Recurso hidrico |
| 650 ## - ASSUNTO--TERMO TÓPICO |
| Cabeçalho tópico ou nome geográfico |
Temperatura |
| 650 ## - ASSUNTO--TERMO TÓPICO |
| Cabeçalho tópico ou nome geográfico |
Pluviometria |
| 650 ## - ASSUNTO--TERMO TÓPICO |
| Cabeçalho tópico ou nome geográfico |
Clima |
| 650 ## - ASSUNTO--TERMO TÓPICO |
| Cabeçalho tópico ou nome geográfico |
Seca |
| 650 ## - ASSUNTO--TERMO TÓPICO |
| Cabeçalho tópico ou nome geográfico |
Hidrologia |
| 650 ## - ASSUNTO--TERMO TÓPICO |
| Cabeçalho tópico ou nome geográfico |
Pernambuco |
| 650 ## - ASSUNTO--TERMO TÓPICO |
| Cabeçalho tópico ou nome geográfico |
Paraiba |
| 909 ## - |
| -- |
202312 |
| -- |
Lúcia Elande |
| -- |
55 |
| -- |
Lúcia Elande |
| 942 ## - ELEMENTOS DE ENTRADA ADICIONADOS (KOHA) |
| Fonte da classificação ou esquema de arquivamento na estante |
Classificação AGRIS |
| Ocultar no OPAC |
Não |
| Tipo de material Koha |
Monografia Seriada |